African love stories : (Record no. 8372)
[ view plain ]
| 000 -LEADER | |
|---|---|
| fixed length control field | 00802cam a2200217 i 4500 |
| 020 ## - INTERNATIONAL STANDARD BOOK NUMBER | |
| ISBN | 0954702360 |
| 020 ## - INTERNATIONAL STANDARD BOOK NUMBER | |
| ISBN | 9780954702366 |
| 050 00 - CALL NUMBER | |
| Classification number | PR9348 |
| Item number | .Af8 |
| 245 00 - TITLE | |
| Title | African love stories : |
| Remainder of title | an anthology / |
| Statement of responsibility, etc | edited by Ama Ata Aidoo. |
| 260 ## - PUBLICATION INFORMATION | |
| Place of publication | UK |
| Name of publisher | Ayebia Clarke Publication Ltd |
| Year of publication | 2006 |
| 300 ## - DESCRIPTION | |
| Number of Pages | xiv, 249 pages ; |
| Dimensions | 20 cm |
| 505 00 - FORMATTED CONTENTS NOTE | |
| Table of Content | 1. Introduction by Ama Ata Aidoo<br/>2. "Something Old Something new" by Leila Aboulela<br/>3."Marriage and impediments" by Tomi Adeaga<br/>4. 'Transition to glory ' by Chimamamanda Ngozi Adichie................. |
| 650 #0 - SUBJECTS | |
| Topical Term | Romance fiction, African (English) |
| 650 #0 - SUBJECTS | |
| Topical Term | Women |
| 650 #7 - SUBJECTS | |
| Topical Term | Romance fiction, African (English) |
| 650 #7 - SUBJECTS | |
| Topical Term | Women. |
| 650 07 - SUBJECTS | |
| Topical Term | Liebesgeschichte. |
| 650 07 - SUBJECTS | |
| Topical Term | Liebesgeschichte. |
| 700 1# - OTHER AUTHORS | |
| Personal name | Aidoo, Ama Ata, |
| 942 ## - ADDED ENTRY ELEMENTS (KOHA) | |
| Koha item type | Books |
| Withdrawn status | Lost status | Home library | Current library | Shelving location | Date acquired | Source of acquisition | Full call number | Accession Number | Koha item type |
|---|---|---|---|---|---|---|---|---|---|
| Methodist University Library Main | Methodist University Library Main | General Stacks | 15/10/2024 | Donated by the entire Abbey Family | PR9348 .Af8 | 8791 | Books | ||
| Methodist University Library Main | Methodist University Library Main | General Stacks | 15/10/2024 | Donated by the entire Abbey Family | PR9348 .Af8 | 8794 | Books | ||
| Methodist University Library Tema | Methodist University Library Tema | General Stacks | 15/10/2024 | Donated by the entire Abbey Family | PR9348 .Af8 | 8793 | Books | ||
| Methodist University Library Wenchi Faculty | Methodist University Library Wenchi Faculty | General Stacks | 15/10/2024 | Donated by the entire Abbey Family | PR9348 .Af8 | 8792 | Books | ||
| Methodist University Library Wenchi Nursing | Methodist University Library Wenchi Nursing | General Stacks | 15/10/2024 | Donated by the entire Abbey Family | PR9348 .Af8 | 8795 | Books |